| 000 | 00387nam a2200145Ia 4500 | ||
|---|---|---|---|
| 008 | 230312s9999||||xx |||||||||||||| ||und|| | ||
| 020 | _a1-107-00338-5 | ||
| 082 |
_a621.36 _bHAR-O |
||
| 100 | _aHarry;Gregory | ||
| 245 | 0 | _aOptical Coatings and Thermal Noise in Precision Measurement | |
| 260 |
_bCambridge _aUK _c2012 |
||
| 300 | _a328 | ||
| 650 |
_aEngineering _vAvionics |
||
| 942 | _cBK | ||
| 999 |
_c10405 _d10405 |
||